| 000 | 00564nam a2200205 a 4500 | ||
|---|---|---|---|
| 008 | 951031s1966||||xo 0 slo c | ||
| 040 |
_aSNK _bslo _cSNK _eAACR2 |
||
| 041 | 1 | _aslo | |
| 044 |
_axo _cSK |
||
| 080 | _a885.4-3 | ||
| 100 | 1 |
_aLenčo, Ján _4aut |
|
| 245 | 1 | 0 |
_aCesta na morské dno _cJán Lenčo ; Obál. REAS |
| 260 |
_aBratislava _bSlovenský spisovateľ _c1966 _eŽilina _fDanubiaprint |
||
| 300 | _c20 cm | ||
| 500 | _aIlustr. na tit. liste | ||
| 500 |
_121002 _aREAS _c(Žilina) |
||
| 710 | 0 |
_aREAS (Žilina) _4bjd |
|
| 020 | _c11 | ||
| 958 | _aAUL | ||
| 999 |
_c12134 _d12134 |
||